000 00584nam a22001817a 4500
003 OSt
005 20260311140441.0
082 _a631.3
_bASH/MO
088 _aP 659
100 _aASHTAMI DEV
_97935
100 _aSHAHANA I P
_97936
100 _aMUHAMMED AJMAL C
_97937
245 _aMOTORIZED CASSAVA MINISETT CUTTING MACHINE
260 _aTavanur
_bDEPARTMENT OF FARM MACHINERY AND POWER ENGINEERING, KELAPPAJI COLLEGE OF AGRICULTURAL ENGINEERING AND FOOD TECHNOLOGY
_c2025
700 _aJayan P R
856 _uhttp://14.139.181.140:8080/jspui/handle/123456789/2204
942 _cPR
999 _c19634
_d19634